Guess the Olivia Rodrigo song with no hints #2 - Statistics

General Stats
  • This quiz has been taken 373 times
  • The average score is 268 of 376
Answer Stats
Lyrics % Correct
I
99%
you
97%
You
97%
love
90%
me,
90%
me
90%
The
90%
And
87%
and,
87%
and
87%
your
87%
your,
87%
so
85%
know
84%
She
84%
she
84%
be
83%
her
83%
her,
83%
her?
83%
I'm
83%
Do
82%
ha
82%
on
82%
on,
82%
my
81%
in
80%
in,
80%
it,
79%
it
79%
of
79%
Is
78%
But
76%
But,
76%
can
76%
with
76%
ever
73%
for
73%
no,
73%
No,
73%
obsessed
73%
think
72%
every
71%
ex
71%
like
71%
oh,
71%
Oh,
71%
she's
71%
She's
71%
was
71%
can't
70%
If
70%
if
70%
bed,
69%
bed?
69%
bed
69%
about
68%
get
68%
good
68%
we're
68%
how
67%
side
67%
been
66%
don't
66%
it's
66%
told
65%
at
64%
feel
64%
have
64%
asleep
62%
knew
62%
much
62%
time
62%
friends
61%
friends?
61%
got
61%
I've
61%
star
61%
would
61%
Yeah,
61%
baby
60%
loved
60%
You'd
60%
crazy
59%
god
59%
God,
59%
(God,
59%
help
59%
wanna
59%
even
58%
blood
57%
call
57%
'Cause
57%
sign,
57%
type
56%
La,
55%
la,
55%
la
55%
name,
55%
seen
55%
talk
55%
beautiful
54%
best
54%
hurt
54%
Never
54%
starin'
54%
movie
53%
(Ah)
52%
(Ah),
52%
careful,
52%
detail
52%
mistake
52%
pictures
52%
fuckin'
51%
looked
51%
kids
50%
remember
50%
speaks
50%
issues,
49%
doesn't
48%
kindly
48%
life
48%
da
47%
da,
47%
makes
47%
moved
47%
tell
47%
lips,
46%
matter,
46%
party
46%
talented,
45%
those
45%
both
44%
controlling?
44%
fine,
44%
hips
44%
upset
43%
upset)
43%
easy-going?
41%
butthurt
37%
huh)
36%
(Uh
35%
Well-read?
34%
Well-traveled?
34%
woah
10%
No matching quizzes found
Score Distribution
Percent of People with Each Score
Percentile by Number Answered
Your Score History
You have not taken this quiz